000 00386nam a2200169Ia 4500
008 230524s9999 xx 000 0 und d
082 _a537
_bPUR
100 _aR.K.Puri
245 0 _aSolid State Physics
250 _a2ND
260 _aNEW DELHI
_bS.Chand
_c2006
300 _aXII;308
500 _aQuantity Number: 5
650 _aPhysics
700 _a V.K.Babbar
942 _cBK
999 _c35416
_d35416